'O' Movies by Picture Quiz Stats

 Plays Quiz Updated Nov 15, 2018

Challenge
Share
Tweet
Score 0/25 Timer 06:00
5 Plays Today
Grid Location Movie % Correct
Ocean's Eleven
86.2%
One Flew Over the Cuckoo's Nest
72.8%
O Brother, Where Art Thou?
71%
Office Space
67.4%
Oliver Twist
66.2%
Old School
65.3%
The Other Guys
59.4%
An Officer and a Gentleman
58.6%
The Omen
57.3%
One Hour Photo
45.1%
Outbreak
42.7%
On Golden Pond
42.4%
Overboard
42.3%
Grid Location Movie % Correct
The Other Boleyn Girl
41.3%
On the Waterfront
38.7%
The Outsiders
32.9%
Oh, God!
30.7%
Of Mice and Men
28.7%
Orange County
27%
Once Upon a Time in Mexico
24.5%
October Sky
21.6%
Old Dogs
21.4%
Oldboy
19.1%
Observe and Report
19%
Open Range
14%

You're not logged in!

Compare scores with friends on all Sporcle quizzes.
Join for Free
OR
Log In

You Might Also Like...

Show Comments

Extras

Top Quizzes Today


Score Distribution

Your Account Isn't Verified!

In order to create a playlist on Sporcle, you need to verify the email address you used during registration. Go to your Sporcle Settings to finish the process.

Report this User

Report this user for behavior that violates our Community Guidelines.

Details: